000 00516 a2200157 4500
999 _c3612
_d3612
020 _a0858379554
050 _aLB1511WIL1989
100 _aWilling,Ken
_eauthor
245 _a Teaching how to learn :
_b learning strategies in ESL /
_cken Willing
264 _aSydney [Australia]:
_bSydney [Australia] ,
_c1989
300 _a151p.:
440 _aCurriculum development series, 4
500 _aIncludes index
650 _a English language -- Study and teaching -- Foreign speakers.
942 _2lcc
_cBK
_h1511
_iWILL
_kLB